The Cars greates hits (Record no. 449)

MARC details
000 -LEADER
fixed length control field 00272nam a2200121 a 4500
005 - DATE AND TIME OF LATEST TRANSACTION
control field 20260322212020.0
008 - FIXED-LENGTH DATA ELEMENTS--GENERAL INFORMATION
fixed length control field data
092 ## - LOCALLY ASSIGNED DEWEY CALL NUMBER (OCLC)
Classification number 342
001 - CONTROL NUMBER
control field data
110 2# - MAIN ENTRY--CORPORATE NAME
Corporate name or jurisdiction name as entry element Cars (Musical group)
245 14 - TITLE STATEMENT
Title The Cars greates hits
Statement of responsibility, etc. Cars (Musical group).
260 ## - PUBLICATION, DISTRIBUTION, ETC.
Place of publication, distribution, etc. New York
Name of publisher, distributor, etc. Elektra
Date of publication, distribution, etc. 1985
Holdings
Withdrawn status Lost status Damaged status Not for loan Home library Current library Shelving location Date acquired Total checkouts Full call number Barcode Date last seen Price effective from Koha item type
        Franklin Franklin General stacks 22/03/2026   GEN BC0010460 22/03/2026 22/03/2026 Books